00530 2200193 4500001002100000005001500021035002000036007000300056008004100059020001800100082000800118084001400126100003100140245007700171250001000248260003400258300003400292990001000326INLIS00000000000697320210308082737 a0010-0321000343ta210308 g | ind  a9786022501626 a101 a101 DR. f0 aDr. Adian Husaini, et. al.1 aFilsafat Ilmu :bPerpektif Barat dan Islam /cDr. Adian Husaini, et. al. acet.1 aJakarta :bGema Insani,c2013 axxviii, 292 hlm :b. ;c23 cm a15737